01318nam a22002537a 45000010005000000030006000050050017000110080041000280200018000690400029000870500013001160820010001291000019001392450107001582600039002653000064003045050007003685200527003755210019009025210018009216500047009396500043009867000035010299607FISKH20260126095453.0260126b cb ||||| |||| 00| 0 eng d a9780593121962 aFISKHbengcFISKHdFISKH aPZ7 .B45 a813.6 aBell, Kristen  aThe world needs more purple people /cKristen Bell & BenJamin Hart ; Illustrations by Daniel Wiseman  aNew York : bRandom House, c2020. a36 unnumbered pages : bcolor illustrations ; c26 x 27 cm  aL  aWhat is a purple person? Great question. I mean, really great! Because purple people always ask really great questions. They bring their family, friends, and communities together, and they speak up for what's right. They are kind and hardworking, and they love to laugh (especially at Grandpa's funny noises)! A purple person is an everyday superhero! How do you become one? That's the fun part! Penny Purple will lead you through the steps. Get ready to be silly, exercise your curiosity, use your voice, and be inspired.8 a520 bLexile 8 aL bRaz-Plus  aAcceptancevSocial EmotionalxPicture Book aKindnessvRealistic FictionxDiversity aWiseman, Daniel eillustrator